Δυναμικές μονάδες, δυνητικές καινοτομίες και αναδιάρθρωση του γεωργικού τομέα
Αποθηκεύτηκε σε:
| Κύριος συγγραφέας: | |
|---|---|
| Μορφή: | Βιβλίο |
| Γλώσσα: | Greek |
| Δημοσίευση: |
Αθήνα :
Ιδρυμα Μεσογειακών Μελετών,
1994
|
| Σειρά: | Μελέτες για την ελληνική γεωργία
|
| Θέματα: | |
| Ετικέτες: |
Προσθήκη ετικέτας
Δεν υπάρχουν, Καταχωρήστε ετικέτα πρώτοι!
|
MARC
| LEADER | 00000cam a2200000 i 4500 | ||
|---|---|---|---|
| 001 | 1/7299 | ||
| 008 | 960801s1994 gre d | ||
| 020 | |a 960-7482-01-8 | ||
| 035 | |l 10016655 | ||
| 040 | |a GR-MY-UA |b gre |e aacr | ||
| 041 | 0 | |a gre | |
| 082 | 0 | |a 338.1609495 | |
| 100 | 1 | |a Σαμαράς, Γιάννης Β., |d 1924-2020. | |
| 245 | 1 | 0 | |a Δυναμικές μονάδες, δυνητικές καινοτομίες και αναδιάρθρωση του γεωργικού τομέα / |c Ερευνητική ομάδα Γιάννης Σαμαράς...[και ά.] |
| 260 | |a Αθήνα : |b Ιδρυμα Μεσογειακών Μελετών, |c 1994 | ||
| 300 | |a 478 σ. |b πιν., σχημ. | ||
| 490 | 1 | |a Μελέτες για την ελληνική γεωργία | |
| 504 | |a Περιέχει βιβλιογραφία | ||
| 650 | 0 | 0 | |a Agriculture |x Economic aspects |z Greece. |
| 650 | 0 | 0 | |a Agriculture |x Research |z Greece. |
| 650 | 0 | 0 | |a Agricultural development projects |z Greece. |
| 830 | 0 | |a Μελέτες για την ελληνική γεωργία | |
| 852 | |a INST |b LESVOS |e 19960801 |h 338.1609495 ΔΥΝ |p 005100009355 |q 005100009355 |t BK |y 0 | ||
| 909 | |a Λ |b 044550 | ||
| 970 | |a ΚΑΜΑΤΣΟΥ |b ΔΕΣΠΟΙΝΑ |z 2000/01/27 | ||